000 01905cam a22005654i 4500
003 PE-LiUPU
005 20250731170401.0
008 150617s1981 ag r 000 0 spa d
035 _a(Sirsi) a12053
040 _aPE-LiUPU
_bspa
_cPE-LiUPU
_dPE-LiUPU
_erda
049 _aPRUA
082 0 4 _a123
_bV21
_221
100 1 _aIribarne, Julia V.,
_eautor.
245 1 3 _aLa libertad en Kant :
_balcances éticos y connotaciones metafísicas /
_cJulia V. Iribarne.
264 1 _aBuenos Aires :
_bEdiciones Carlos Lohlé,
_c1981.
300 _a96 páginas ;
_c20 centímetros
336 _atext
_2rdacontent
337 _aunmediated
_2rdamedia
338 _avolume
_2rdacarrier
505 0 _aEl tema de la libertad y la autopsición en la crítica de la razón pura y el opus postumum -- Realidad de la libertad a través de la praxis -- Connotación metafísica del tema de la libertad.
526 _aSEG68
526 _aSEG70
526 _aSEG69
526 _aSEG67
526 _aSEG43
526 _aP144
526 _aP143
526 _aP131
526 _aP122
526 _aP120
526 _aP117
526 _aP112
526 _aP110
526 _aP106
526 _aP101
526 _aP80
526 _aP59
526 _aP54
526 _aP35
526 _aP33
526 _aP30
650 0 4 _aLibre de albedrio y determinismo.
910 _ajck
_bjvq
_cjck
_d20150616
942 _2ddc
_cBOOK
949 _a123 V21
_wDEWEY
_c1
_i32517
_lCCODEBUL1
_mBUL
_p00.00
_r0
_sY
_tBOOK
_u19920922
_xBIBLIOTECA
_zUNKNOWN
_0COMPRA
_o.STAFF. Colección Ciencias de la Salud
994 _aC0
_bPEPRU
596 _a1
999 _a123 V21
_wDEWEY
_c2269
_i32517
_d2269
_e2017-3-26
_f2021-11-3
_g5
_lCCODEBUL1
_mBUL
_n4
_p10.00
_q1
_r0
_sY
_tBOOK
_u2015-6-17
_xSALUD
_zUNKNOWN
_0COMPRA
_o.STAFF. Colección Ciencias de la Salud
980 _81
_gALBERTO SANCHEZ Responsable de Automatización